serun
ՀԱՅ ԳԻՐՔ = Armenian Book

Գօնթէս սարա / (Record no. 166196)

000 -LEADER
fixed length control field nam a22 a 4500
003 - CONTROL NUMBER IDENTIFIER
control field AM-YeNLA
005 - DATE AND TIME OF LATEST TRANSACTION
control field 20260409163901.0
007 - PHYSICAL DESCRIPTION FIXED FIELD--GENERAL INFORMATION
fixed length control field ta
008 - FIXED-LENGTH DATA ELEMENTS--GENERAL INFORMATION
fixed length control field 260409s1884 tu ||||gr|||| 000 f tur |
040 ## - CATALOGING SOURCE
Original cataloging agency AM-YeNLA
Language of cataloging arm
Transcribing agency AM-YeNLA
041 1# - LANGUAGE CODE
Language code of text/sound track or separate title tur
Language code of original fre
100 1# - MAIN ENTRY--PERSONAL NAME
Personal name Օհնէ, Ժօրժ,
Dates associated with a name 1848-1918
245 10 - TITLE STATEMENT
Title Գօնթէս սարա /
Statement of responsibility, etc. Միւէլլիֆի՝ Ժ. Օհնէ ; Ֆրանսըզճատան միւթէրճիմի՝ Ա. Անտօն.
260 ## - PUBLICATION, DISTRIBUTION, ETC. (IMPRINT)
Place of publication, distribution, etc. Տէրսաատէթ :
Name of publisher, distributor, etc. Ճիվէլէկեան մաթպաասը,
Date of publication, distribution, etc. 1884.
300 ## - PHYSICAL DESCRIPTION
Extent 293 էջ ;
Dimensions 23 սմ.
500 ## - GENERAL NOTE
General note Գիրքը թվայնացվել է Հայաստանի ազգային գրադարանում 2026 թ. ապրիլին ։
500 ## - GENERAL NOTE
General note Շարվածքը՝ 19x12 սմ ։
501 ## - WITH NOTE
With note Կազմակից է՝ Էսրարը պապա Թօմ / Քերովբէ Լիմօնճեան. - Տէրսաատէթ, 1884.
546 ## - LANGUAGE NOTE
Language note Բնագիրըը՝ հայատառ թուրքերեն ։
650 14 - SUBJECT ADDED ENTRY--TOPICAL TERM
9 (RLIN) 36205
Topical term or geographic name as entry element Ֆրանսիական արձակ
650 24 - SUBJECT ADDED ENTRY--TOPICAL TERM
9 (RLIN) 39188
Topical term or geographic name as entry element Հայատառ թուրքերեն գրքեր
700 1# - ADDED ENTRY--PERSONAL NAME
Relator code trl
Personal name Ալիք, Անտօն
Relator term թարգմ.
856 41 - ELECTRONIC LOCATION AND ACCESS
Uniform Resource Identifier https://haygirk.nla.am/upload/1512-1940/1851-1900/ohne_gonthes_sara_1884.pdf
Link text Կարդալ առցանց
942 ## - ADDED ENTRY ELEMENTS (KOHA)
Source of classification or shelving scheme
Koha item type Books
998 ## - LOCAL CONTROL INFORMATION (RLIN)
Cataloger's initials, CIN (RLIN) AS
Holdings
Withdrawn status Lost status Source of classification or shelving scheme Damaged status Not for loan Permanent Location Current Location Date acquired Full call number Date last seen Price effective from Koha item type
          National Library of Armenia National Library of Armenia 2026-04-09 ՀԱԳ 2026-04-09 2026-04-09 Books

Հայաստանի ազգային գրադարան ՀՀ, 0009,Երևան, Տերյան 72
Հետադարձ կապ